000 00624nam a2200241Ia 4500
003 OSt
005 20230522102617.0
008 210423s2013 xx 000 0 und d
020 _a978-81-203-4280-4
040 _cAL
041 _aeng
082 _a515.8 ROYR
_223
100 _aROYDEN (H L);FITZPATRICK (P M).
_9109998
245 _aReal analysis Ed 4
250 _a4
260 _aNew Delhi
_bPHI Learning Pvt Ltd
_c2013
300 _axii,505
_bPB
365 _b350
_cINR
650 _aFunctions of Real Variables
_9109999
650 _aMathematics
_9110000
906 _aanalysis ; Ed ; Real
942 _2ddc
_cBK
999 _c165217
_d165217